სითი / Siti / 2016, ზაფხული / 2016, Summer (Record no. 1891)

000 -LEADER
fixed length control field 00538nam a22001937a 4500
005 - DATE AND TIME OF LATEST TRANSACTION
control field 20210427065337.0
008 - FIXED-LENGTH DATA ELEMENTS--GENERAL INFORMATION
fixed length control field 210304s2016 ||||| |||| 00| 0 geo d
022 ## - INTERNATIONAL STANDARD SERIAL NUMBER
International Standard Serial Number 22333932
040 ## - CATALOGING SOURCE
Original cataloging agency eng
Transcribing agency DLC
041 ## - LANGUAGE CODE
Language code of text/sound track or separate title geo
082 ## - DEWEY DECIMAL CLASSIFICATION NUMBER
Classification number 070
Item number ს-48
110 ## - MAIN ENTRY--CORPORATE NAME
9 (RLIN) 1232
Corporate name or jurisdiction name as entry element სითი / Siti
245 ## - TITLE STATEMENT
Title სითი / Siti / 2016, ზაფხული / 2016, Summer
Remainder of title / by: სითი / Siti
260 ## - PUBLICATION, DISTRIBUTION, ETC.
Name of publisher, distributor, etc. სითი / Siti
Date of publication, distribution, etc. 2016
300 ## - PHYSICAL DESCRIPTION
Extent 165 p.
Other physical details ill.
650 #0 - SUBJECT ADDED ENTRY--TOPICAL TERM
9 (RLIN) 1229
Topical term or geographic name entry element Press
653 ## - INDEX TERM--UNCONTROLLED
Uncontrolled term პრესა
942 ## - ADDED ENTRY ELEMENTS (KOHA)
Source of classification or shelving scheme
Koha item type periodicals
Holdings
Withdrawn status Lost status Source of classification or shelving scheme Damaged status Not for loan Permanent location Current location Date acquired Inventory number Total Checkouts Full call number Barcode Date last seen Price effective from Koha item type
          Ken Walker International University Ken Walker International University 03/04/2021 1586   070 ს-48 1586 03/04/2021 03/04/2021 periodicals

Powered by Koha